Gotham - Pilot Episode Trivia Quiz - Statistics

General Stats
  • This quiz has been taken 119 times
  • The average score is 6 of 11
Answer Stats
Trivia Question Answer % Correct
Which of Bruce's parents was shot first? Thomas Wayne
100%
Who snitched to the MCU about Mario Pepper being framed? Oswald Cobblepot
80%
Who wanted to pass on the Wayne murder case to the MCU? Harvey Bullock
77%
Who is the first character to appear on-screen? Selina Kyle
66%
"What's nowhere but everywhere, except where something is?" Nothing
53%
What kind of footwear did Mario Pepper not own? Shiny shoes
52%
What does Selina Kyle first steal from the market place in the very first scene? Milk
49%
What does Cobblepot steal from the fisherman he kills after emerging from the river outside Gotham? A Sandwich
48%
What did Cobblepot say he'd open for Fish Mooney if she'd ask him to? A Vein
35%
What did Fish beat Cobblepot with after she found out he was the snitch? A Chairleg
21%
What is the name of the employee Fish Mooney was seen beating up around the back of her club? Raoul
8%
No matching quizzes found
Score Distribution
Percent of People with Each Score
Percentile by Number Answered
Your Score History
You have not taken this quiz